000 00718 a2200217 4500
010 _aENG-90063
020 _c310.00
035 _aEN-73596
037 _bDBAD / PUB
082 1 4 _a291.22
090 _c12248
_d12248
100 1 _aSaraf, V.K.
245 1 _aThe mystery of Karma:
_ban exposition of the Law of Karma/
_cby V.K. Saraf
260 _aMumbai :
_bBharatiya Vidya Bhavan
_c2007
270 _aKulapati K.M. Munshi Marg,
_bMumbai
_cMumbai
_e400007
300 _axxiv, 440p.
_c22 cm (pbk)
490 _aBhavan's books universtity
500 _aIncludes glossary
942 _adpl
_cEN
_k291.22 / SAR
999 _c11894
_d11894